000 00437nam a2200157 a 4500
001 000031943
005 20200930063311.0
008 090917s1944 dr 001 0 spa d
040 _aDO-SdBNP
_bspa
_cBNPHU
082 _axxxx
_bM672i
_a1999
100 1 _aHarari, J.
_q(José Harari)
_958111
245 1 0 _aIntroducción a la economía /
_cJ. Harari.
260 _a[s. l.] :
_b[s. n.],
_c[1944].
300 _a81 p. :
_b22 cm.
049 _aBNPD
999 _c31434
_d31434